[Event "F 5 x N 3"]
[Site "http://www.queenalice.com/game.php?id=692688"]
[Date "2009.12.4"]
[Round "-"]
[White "Tagliapietra"]
[Black "nickpet"]
[Result "1-0"]
[WhiteElo "1643"]
[BlackElo "1686"]

1. e4 e5 2. Nf3 d6 3. Bc4 Nf6 4. Qe2 a6 5. Ng5 d5 6. exd5 Nxd5 7. Qxe5+ Be7 8.
Bxd5 O-O 9. Bxf7+ Rxf7 10. Nxf7 Kxf7 11. O-O Nd7 12. Qh5+ Kg8 13. Qd5+ Kh8 14.
Re1 c6 15. Qe6 Nf6 16. Qxe7 Qxe7 17. Rxe7 Bf5 18. Rxb7 Re8 19. h3 Re1+ 20. Kh2
Rxc1 21. Rb8+ Ng8 22. d3 Rxc2 23. Nc3 Bxd3 24. Re1 Rxf2 25. Ree8 Bc4 26. b3 Bf7
27. Rf8 g6 28. Ne4 1-0

[Event "Challenge"]
[Site "http://www.queenalice.com/game.php?id=695006"]
[Date "2009.12.9"]
[Round "-"]
[White "Petrucio"]
[Black "Tagliapietra"]
[Result "1/2-1/2"]
[WhiteElo "1435"]
[BlackElo "1661"]

1. g4 d5 2. g5 e6 3. f4 f6 4. gxf6 Qxf6 5. Nf3 Qxf4 6. d4 Qg4 7. Rg1 Qe4 8. Rg5
g6 9. Re5 Qg4 10. Rg5 Qe4 11. Re5 Qg4 12. Rg5 Qe4 13. Re5 Qg4 14. Rg5 1/2-1/2

[Event "F 6 x N 3"]
[Site "http://www.queenalice.com/game.php?id=698482"]
[Date "2009.12.15"]
[Round "-"]
[White "nickpet"]
[Black "Tagliapietra"]
[Result "0-1"]
[WhiteElo "1678"]
[BlackElo "1652"]

1. d4 d5 2. Nc3 e6 3. e4 dxe4 4. Nxe4 Nf6 5. Bg5 Be7 6. Nd2 Qxd4 7. Be3 Qd5 8.
c4 Qe5 9. b3 Bc5 10. Ndf3 Qf5 11. Qd2 Ne4 12. Qb2 Bb4+ 13. Ke2 Nc3+ 14. Qxc3
Bxc3 15. Rc1 Bb4 16. h3 O-O 17. Nd4 Qg6 18. g4 e5 19. Nf5 Bxf5 20. gxf5 Qxf5 21.
Nf3 Rd8 22. Rg1 Qd3# 0-1

[Event "Challenge"]
[Site "http://www.queenalice.com/game.php?id=700122"]
[Date "2009.12.19"]
[Round "-"]
[White "Petrucio"]
[Black "Tagliapietra"]
[Result "0-1"]
[WhiteElo "1456"]
[BlackElo "1669"]

1. a4 e5 2. e4 Nf6 3. Nf3 Nc6 4. Bc4 Nxe4 5. d3 d5 6. dxe4 dxc4 7. Bg5 Qxd1+ 8.
Kxd1 Be7 9. Ke2 Bg4 10. h3 Bxf3+ 11. Kxf3 Bxg5 12. Kg4 h6 13. a5 Nd4 14. Na3 O-O
15. c3 Nb3 16. Rad1 Nxa5 17. Rd7 g6 18. Rxc7 Rad8 19. Re7 Bxe7 20. b4 Rd3 21.
Nb1 h5# 0-1

[Event "F7 X N3"]
[Site "http://www.queenalice.com/game.php?id=703193"]
[Date "2009.12.25"]
[Round "-"]
[White "Tagliapietra"]
[Black "nickpet"]
[Result "0-1"]
[WhiteElo "1676"]
[BlackElo "1671"]

1. e4 d5 2. exd5 Qxd5 3. Nc3 Qe6+ 4. Be2 Qg6 5. Bf3 Bg4 6. Be2 Bc8 7. Bf3 Bf5 8.
d3 c6 9. Nge2 e5 10. Ng3 Bd7 11. Nce4 f5 12. Bh5 fxe4 13. Bxg6+ hxg6 14. Nxe4
Nh6 15. Bxh6 Rxh6 16. d4 exd4 17. Qxd4 Na6 18. Nd6+ Bxd6 19. Qxd6 g5 20. Qd4
Re6+ 21. Kd2 Re7 22. Rhe1 Be6 23. Kc3 c5 24. Qe5 O-O-O 25. Rad1 Rde8 26. Qxg5 b6
27. Rd6 Nc7 28. Red1 Nb5+ 29. Kd3 Nxd6 30. c3 Bf5+ 0-1

[Event "Challenge"]
[Site "http://www.queenalice.com/game.php?id=706314"]
[Date "2009.12.31"]
[Round "-"]
[White "Petrucio"]
[Black "Tagliapietra"]
[Result "0-1"]
[WhiteElo "1482"]
[BlackElo "1660"]

1. e4 e5 2. Nc3 Nf6 3. Nf3 Bd6 4. Ng5 h6 5. Nh3 Bb4 6. Nd5 Nxd5 7. exd5 c6 8.
Bc4 cxd5 9. Bxd5 O-O 10. Qf3 Nc6 11. Qe4 d6 12. g4 Bc5 13. Qf3 Nd4 14. Qd3 Qf6
15. Bxf7+ Rxf7 16. Rf1 Bxg4 17. Ng1 Nxc2+ 18. Qxc2 Bxf2+ 19. Rxf2 Qxf2# 0-1

[Event "F7 X N4"]
[Site "http://www.queenalice.com/game.php?id=709530"]
[Date "2010.1.6"]
[Round "-"]
[White "nickpet"]
[Black "Tagliapietra"]
[Result "1/2-1/2"]
[WhiteElo "1729"]
[BlackElo "1656"]

1. e4 e5 2. Nf3 Nf6 3. Nc3 Bb4 4. Nxe5 Bxc3 5. dxc3 Nxe4 6. Qf3 Nf6 7. Bc4 O-O
8. Qg3 Qe8 9. Bh6 Nh5 10. Qg5 d6 11. Qxh5 Qxe5+ 12. Qxe5 dxe5 13. Be3 Nc6 14. b4
Bf5 15. Bb3 h6 16. Bc5 Rfd8 17. O-O Rd2 18. Rac1 b6 19. Be3 Rd7 20. h3 Rad8 21.
g4 Bg6 22. Ba4 Rd6 23. f4 f6 24. Bb3+ Kh8 25. f5 Bh7 26. c4 Nxb4 27. c5 bxc5 28.
Bxc5 Nxa2 29. Bxa2 Rc6 30. Be7 Rd2 31. Rf2 Rxf2 32. Kxf2 Bg8 33. Bxg8 Kxg8 34.
Rd1 Kf7 35. Bb4 Rxc2+ 36. Kg1 Ke8 37. Ra1 Rb2 38. Bc5 Rb3 39. Rxa7 Rxh3 40. Kg2
Rh4 41. Kg3 Rh1 42. Rxc7 Rc1 43. Re7+ Kf8 44. Rc7+ Kg8 45. Kf3 Rc4 46. Ke3 Rxg4
47. Kf3 Rf4+ 48. Kg3 Rxf5 49. Kg4 Rg5+ 50. Kh4 Kh7 51. Be3 Rf5 52. Kg4 Kg6 53.
Rc1 h5+ 54. Kg3 e4 55. Kh4 Rd5 56. Rg1+ Kf7 57. Rg3 g6 58. Bc1 Rd3 59. Rg2 f5
60. Kg5 Rh3 61. Bf4 e3 62. Re2 Kg7 63. Bxe3 Rg3+ 64. Kh4 Rg4+ 65. Kh3 g5 66. Kh2
f4 67. Bd4+ Kg6 68. Re6+ Kf5 69. Re5+ Kf6 70. Ra5+ Kg6 71. Bf2 f3 72. Bg3 h4 73.
Be1 Kh5 74. Kh3 Rf4 75. Bf2 Kg6 76. Rd5 Rf5 77. Rd6+ Kh5 78. Rd4 Rf4 79. Rd5 Kg6
80. Rd6+ Rf6 81. Rd4 Re6 82. Kg4 Rf6 83. Rd1 Rf4+ 84. Kh3 Re4 85. Bd4 Kh5 86.
Kh2 g4 87. Bf2 Re2 88. Kg1 g3 89. Bc5 h3 90. Rd5+ Kg4 91. Rd4+ Kf5 92. Rd5+ Kf4
93. Rd4+ Re4 94. Bd6+ Ke3 95. Rxe4+ Kxe4 96. Bxg3 Kf5 97. Kh2 Kg4 1/2-1/2

[Event "Challenge"]
[Site "http://www.queenalice.com/game.php?id=717327"]
[Date "2010.1.20"]
[Round "-"]
[White "paulove"]
[Black "Tagliapietra"]
[Result "1-0"]
[WhiteElo "1734"]
[BlackElo "1669"]

1. d4 d5 2. c4 dxc4 3. e3 Be6 4. Nc3 a6 5. d5 Bf5 6. e4 Bg6 7. Bxc4 b5 8. Bd3 c6
9. dxc6 Nxc6 10. Bc2 e5 11. Qxd8+ Rxd8 12. f3 a5 13. Nxb5 Bb4+ 14. Kf2 Bd2 15.
Ne2 Bxc1 16. Raxc1 Nf6 17. Nc7+ Kf8 18. Rhd1 Rxd1 19. Rxd1 Nh5 20. Ba4 Nd4 21.
Nxd4 exd4 22. Rxd4 Ke7 23. Rd7+ Kf6 24. Nd5+ Ke6 25. g4 Nf6 26. Nxf6 gxf6 27.
Ra7 Rd8 28. Bb3+ Ke5 29. Bd5 1-0

[Event "Challenge"]
[Site "http://www.queenalice.com/game.php?id=745466"]
[Date "2010.3.13"]
[Round "-"]
[White "cesarcalegari"]
[Black "Tagliapietra"]
[Result "0-1"]
[WhiteElo "1343"]
[BlackElo "1694"]

1. e4 e5 2. Qf3 Nf6 3. Nc3 Bb4 4. a3 Bxc3 5. Qxc3 d6 6. d4 Nxe4 7. Qe3 Bf5 8. f3
Ng5 9. dxe5 O-O 10. Qf4 Bxc2 11. Nh3 Nxh3 12. gxh3 Re8 13. Rg1 Rxe5+ 14. Be2 Qe7
15. Rg2 Bd3 16. Be3 Rxe3 17. Qd4 Rxe2+ 18. Kf1 Rxg2+ 19. Kxg2 Qe2+ 20. Kg3 Nc6
21. Qg4 Qe5+ 22. Kh4 Qxb2 23. Rg1 Qf6+ 24. Qg5 Qxg5+ 25. Rxg5 Nd4 26. Rg4 Nxf3+
27. Kg3 Ne5 28. Rb4 b5 29. Kf4 c5 30. Rb1 Bxb1 0-1

[Event "F7 X N4 X E1"]
[Site "http://www.queenalice.com/game.php?id=746886"]
[Date "2010.3.16"]
[Round "-"]
[White "Tagliapietra"]
[Black "nickpet"]
[Result "1-0"]
[WhiteElo "1659"]
[BlackElo "1725"]

1. e4 e5 2. Nf3 Nc6 3. Bb5 Nd4 4. Nxd4 exd4 5. c3 a6 6. Bd3 Qg5 7. O-O d5 8.
cxd4 Bh3 9. Qf3 Bg4 10. Qg3 Bd6 11. e5 Be7 12. h3 h5 13. hxg4 hxg4 14. Be2 Qh5
15. f3 gxf3 16. Bxf3 c6 17. Bxh5 Rxh5 18. Qf3 g6 19. Qxf7+ Kd7 20. d3 Rf8 21.
Qxg6 Rg5 22. Bxg5 Bxg5 23. Rxf8 Be3+ 24. Kh1 Ne7 25. Qd6# 1-0

[Event "F8 X N4 X E1"]
[Site "http://www.queenalice.com/game.php?id=753776"]
[Date "2010.3.30"]
[Round "-"]
[White "nickpet"]
[Black "Tagliapietra"]
[Result "0-1"]
[WhiteElo "1688"]
[BlackElo "1678"]

1. d4 d5 2. e3 Nc6 3. c4 b6 4. cxd5 Qxd5 5. Nc3 Qd8 6. Qf3 Bb7 7. Bb5 Qd6 8. a3
O-O-O 9. Nh3 Nxd4 10. Qg4+ Qe6 11. Qxe6+ fxe6 12. Bd3 Nb3 13. Ba6 Nxa1 14. Bxb7+
Kxb7 15. e4 Nc2+ 16. Kf1 e5 17. Ng5 Nh6 18. Ne6 Rd6 19. Nxf8 Rxf8 20. Nb5 Rd1+
0-1

[Event "F9 X N4 X E1"]
[Site "http://www.queenalice.com/game.php?id=758782"]
[Date "2010.4.10"]
[Round "-"]
[White "Tagliapietra"]
[Black "nickpet"]
[Result "1/2-1/2"]
[WhiteElo "1696"]
[BlackElo "1643"]

1. e4 e5 2. Bc4 Nf6 3. Nc3 a6 4. Nf3 b5 5. Be2 d6 6. O-O Ng4 7. h3 Nf6 8. d3 Nh5
9. Be3 h6 10. Nd5 Nf4 11. Nxf4 exf4 12. Bxf4 g5 13. Bd2 g4 14. hxg4 Bxg4 15. Nh2
h5 16. Bxg4 hxg4 17. Qxg4 Rh4 18. Bg5 Rxg4 19. Bxd8 Rg6 20. Bxc7 Nc6 21. Bb6 Bg7
22. c3 Rh6 23. f4 b4 24. Rac1 bxc3 25. bxc3 Rb8 26. Bc7 Rb2 27. Rf2 Rb5 28. Bxd6
Rbh5 29. f5 Ne5 30. g4 Nxg4 31. Rg2 Nxh2 32. Bxh2 Bf8 33. Rb1 Bd6 34. Rg8+ Kd7
35. Rb7+ Kc6 36. Rxf7 Bxh2+ 37. Kf2 Be5 38. Rg6+ Rxg6 39. fxg6 Bxc3 40. g7 Bd4+
41. Kf3 Rg5 42. Kf4 Rg2 43. e5 Kd5 44. Rd7+ Kc5 45. e6 Bxg7 46. e7 Re2 47. Kf3
Re1 48. e8=Q Rxe8 49. Rxg7 Kd4 50. Rd7+ Kc5 51. Rc7+ Kd4 52. Rd7+ Kc5 53. a4 Kb4
54. Rd4+ Ka5 55. Re4 Rf8+ 56. Ke3 Rf1 57. Rc4 Ra1 58. d4 Rxa4 59. Rxa4+ Kxa4 60.
d5 Kb5 61. Kd4 a5 62. Ke5 a4 63. d6 Kc6 64. Ke6 a3 65. d7 a2 66. d8=Q a1=Q 67.
Qd5+ Kb6 68. Qd6+ Kb5 69. Qb8+ Kc4 70. Qf4+ Qd4 71. Qxd4+ Kxd4 1/2-1/2

[Event "Challenge"]
[Site "http://www.queenalice.com/game.php?id=763923"]
[Date "2010.4.20"]
[Round "-"]
[White "Tagliapietra"]
[Black "cesarcalegari"]
[Result "1-0"]
[WhiteElo "1731"]
[BlackElo "1333"]

1. e4 e5 2. Bc4 f6 3. Qh5+ g6 4. Qh3 d5 5. Bxd5 Bxh3 6. Nxh3 f5 7. Bxb7 Nd7 8.
Bxa8 Qxa8 9. d3 Ngf6 10. Ng5 Bh6 11. Ne6 Bxc1 12. Nxc7+ Kf7 13. Nxa8 Rxa8 14.
O-O Nc5 15. Rxc1 fxe4 16. Rd1 Rd8 17. Nc3 h5 18. dxe4 Rb8 19. Rab1 g5 20. Nd5
Nfxe4 21. b4 Nd7 22. f3 Nd6 23. Ne3 Rb6 24. a4 Ke7 25. c4 Rc6 26. c5 Ne8 27.
Nf5+ Kd8 28. Nd6 Nxd6 29. cxd6 a6 30. b5 axb5 31. axb5 Rb6 32. Rdc1 Rxd6 33. Rc6
Ke7 34. Rxd6 Kxd6 35. Rc1 Nc5 36. Rd1+ Kc7 37. Rd5 Kb6 38. Rxe5 Kxb5 39. Rxg5
Kc6 40. Rxh5 Ne6 41. g4 Kd7 42. h4 1-0

[Event "F9 X N4 X E2"]
[Site "http://www.queenalice.com/game.php?id=772491"]
[Date "2010.5.7"]
[Round "-"]
[White "nickpet"]
[Black "Tagliapietra"]
[Result "0-1"]
[WhiteElo "1656"]
[BlackElo "1694"]

1. d4 d5 2. Nc3 e6 3. h4 Bb4 4. Bg5 Nf6 5. Qd3 c6 6. a3 Bxc3+ 7. Qxc3 h6 8. Bxf6
Qxf6 9. Qg3 Qxd4 10. Qc7 Na6 11. c3 Nxc7 12. cxd4 Nb5 13. e3 O-O 14. a4 Nd6 15.
Nf3 f6 16. Nd2 Nc4 17. Nxc4 dxc4 18. Bxc4 Bd7 19. h5 b5 20. axb5 cxb5 21. Bb3
Rfc8 22. O-O a5 23. f4 a4 24. Bd1 b4 25. Rf2 a3 26. b3 Rc3 27. e4 Rd3 28. d5
exd5 29. exd5 Rxd5 30. Bf3 Be6 31. f5 Bf7 32. Bxd5 Bxd5 33. Rf4 Rb8 34. Kf1 Bxb3
35. Ke1 Bf7 36. g4 a2 37. Kd2 b3 38. Rff1 b2 39. Kc2 bxa1=Q 40. Rxa1 Rb1 41.
Rxb1 axb1=Q+ 42. Kxb1 Bd5 43. Kc1 Bf3 44. Kd2 Bxg4 45. Ke3 Bxh5 46. Kf4 g5+ 47.
fxg6 Bxg6 48. Kg4 h5+ 49. Kh4 Kh7 50. Kg3 Kh6 51. Kf4 f5 52. Kg3 Kg5 0-1

[Event "Challenge"]
[Site "http://www.queenalice.com/game.php?id=784126"]
[Date "2010.6.1"]
[Round "-"]
[White "Tagliapietra"]
[Black "ThiagoTanaka"]
[Result "1-0"]
[WhiteElo "1708"]
[BlackElo "1892"]

1. e4 c6 2. c4 d5 3. exd5 cxd5 4. cxd5 Qxd5 5. Nc3 Qf5 6. Nf3 Nf6 7. h3 e6 8. d4
b6 9. Ne5 Nbd7 10. Bd3 Qh5 11. Be2 Qf5 12. g4 1-0

[Event "10 X 4 X 2"]
[Site "http://www.queenalice.com/game.php?id=787028"]
[Date "2010.6.8"]
[Round "-"]
[White "nickpet"]
[Black "Tagliapietra"]
[Result "0-1"]
[WhiteElo "1571"]
[BlackElo "1733"]

1. d4 f5 2. Nc3 d5 3. e3 Nc6 4. f4 e6 5. Nf3 h6 6. a4 Na5 7. Ne5 Ne7 8. Qh5+ g6
9. Nxg6 Nxg6 10. Qxg6+ Kd7 11. Bb5+ c6 12. Qf7+ Qe7 13. Qh5 cxb5 14. Nxb5 a6 15.
Nc3 Rg8 16. g3 Qg7 17. Bd2 Nc4 18. Nxd5 Nxd2 19. Nb6+ Kc6 20. Nxa8 Nc4 21. Qe8+
Bd7 22. Qh5 Nxb2 23. Qf3+ Kd6 24. Qxb7 Nxa4 25. Qxa6+ Bc6 26. Rxa4 Qb7 27. Qxb7
Bxb7 28. Nb6 Bxh1 29. Nc4+ Kc7 30. Ra7+ Kb8 31. Rh7 Be4 32. c3 Kc8 33. Nb6+ Kd8
34. c4 Bg7 35. c5 Ke8 36. Nc4 Kf7 37. Nd6+ Kg6 38. Rxg7+ Kxg7 39. Nxe4 fxe4 40.
Kd2 Ra8 41. Kc3 Kf7 42. Kc4 Ke7 43. c6 Kd6 44. d5 exd5+ 45. Kd4 Rc8 46. h4 Rxc6
47. f5 Rc4# 0-1

[Event "10 X 4 X 2 B"]
[Site "http://www.queenalice.com/game.php?id=787029"]
[Date "2010.6.8"]
[Round "-"]
[White "Tagliapietra"]
[Black "nickpet"]
[Result "1-0"]
[WhiteElo "1743"]
[BlackElo "1561"]

1. e4 e5 2. d3 d6 3. Nf3 f6 4. Nh4 Ne7 5. Nc3 a6 6. Nd5 Nxd5 7. exd5 g5 8. Qh5+
Ke7 9. Ng6+ hxg6 10. Qxh8 Ke8 11. Qh7 Bf5 12. g4 Bd7 13. Qxg6+ Ke7 14. h4 Bxg4
15. hxg5 Kd7 16. gxf6 Kc8 17. Rh7 Nd7 18. Bg5 c6 19. f7 Qa5+ 20. c3 Qxd5 21. Bh6
Kc7 22. Qxg4 Bxh6 23. Rxh6 Qxf7 24. Qg6 Qd5 25. Bh3 Rg8 26. Qh7 Rg1+ 27. Bf1 c5
28. c4 Qg2 29. Ke2 Qg4+ 30. f3 Qd4 31. Rb1 Rg3 32. Rg6 Qf4 33. Rxg3 Qxg3 34. Bh3
Qh2+ 35. Ke3 Kc6 36. Qxd7+ Kb6 37. Qxd6+ Ka7 38. Qxc5+ Ka8 39. Qc8+ Ka7 40. b4
Qf4+ 41. Ke2 Qh2+ 42. Ke3 Qf4+ 43. Kf2 Qd2+ 44. Kg3 Qxd3 45. Re1 Qg6+ 46. Bg4
Qd6 47. Qc5+ Qb6 48. Qxb6+ 1-0

[Event "Felipe 2 x 0 Calegari"]
[Site "http://www.queenalice.com/game.php?id=792299"]
[Date "2010.6.19"]
[Round "-"]
[White "Tagliapietra"]
[Black "cesarcalegari"]
[Result "0-1"]
[WhiteElo "1752"]
[BlackElo "1358"]

1. e4 Nc6 2. d4 e6 3. e5 d5 4. Bb5 a6 5. Bxc6+ bxc6 6. Nh3 Qh4 7. O-O c5 8. c3
Nh6 9. Re1 f6 10. Nf4 g5 11. g3 Qg4 12. f3 Qf5 13. g4 Nxg4 14. fxg4 Qe4 15. Rxe4
dxe4 16. Qe2 gxf4 17. Qxe4 Rb8 18. exf6 Rg8 19. Qxf4 Bd6 20. Qf2 Rxg4+ 21. Kh1
Bb7+ 22. d5 Bxd5+ 23. Qg2 Rxg2 24. h4 Rg4# 0-1

[Event "Felipe 2 x 1 Calegari"]
[Site "http://www.queenalice.com/game.php?id=798333"]
[Date "2010.7.3"]
[Round "-"]
[White "cesarcalegari"]
[Black "Tagliapietra"]
[Result "0-1"]
[WhiteElo "1410"]
[BlackElo "1722"]

1. Nf3 Nc6 2. Nc3 e6 3. e4 Bb4 4. a3 Bxc3 5. bxc3 Nf6 6. Bd3 e5 7. c4 O-O 8. Bb2
Qe7 9. Qe2 d6 10. Qe3 Ng4 11. Qe2 Be6 12. h3 Nf6 13. g4 Na5 14. g5 Nd7 15. Qe3
Nc5 16. Be2 Nxc4 17. Qc3 Nxb2 18. Qxb2 Nxe4 19. d3 Nxg5 20. h4 Nxf3+ 21. Bxf3 c6
22. c3 d5 23. Qe2 Qf6 24. Rg1 e4 25. dxe4 Qxc3+ 26. Kf1 Qxa1+ 27. Kg2 Qxa3 28.
Kh1 dxe4 29. Qxe4 Bd5 30. Qg4 Bxf3+ 31. Kh2 Bxg4 32. Rxg4 Qd6+ 33. Kh3 Qd1 34.
h5 Qf3+ 35. Kh4 Qxf2+ 0-1

[Event "Felipe 3 x 1 Calegari"]
[Site "http://www.queenalice.com/game.php?id=817983"]
[Date "2010.8.14"]
[Round "-"]
[White "Tagliapietra"]
[Black "cesarcalegari"]
[Result "1-0"]
[WhiteElo "1726"]
[BlackElo "1377"]

1. e4 e5 2. Ne2 Bc5 3. d3 Qf6 4. f3 Nc6 5. c3 b5 6. b4 Bd6 7. Be3 Nge7 8. Na3
Nxb4 9. Nxb5 a6 10. Nxd6+ Qxd6 11. cxb4 Qxb4+ 12. Bd2 Qb6 13. Rb1 Qf6 14. Ng3
Nc6 15. Nh5 Qh4+ 16. Ng3 Nd4 17. Bc3 Nb5 18. Bxe5 O-O 19. Be2 Qe7 20. f4 d6 21.
Nf5 Qe6 22. Bxg7 Rd8 23. Qb3 Rb8 24. Qb2 Na3 25. Qxb8 Qxa2 26. O-O Qxe2 27. Qxc7
Re8 28. Qc3 Bxf5 29. Bh8 Qe3+ 30. Rf2 Bxe4 31. Qg7# 1-0

[Event "12F  X 4N  X 2E"]
[Site "http://www.queenalice.com/game.php?id=874475"]
[Date "2010.12.21"]
[Round "-"]
[White "nickpet"]
[Black "Tagliapietra"]
[Result "0-1"]
[WhiteElo "1743"]
[BlackElo "1728"]

1. e4 e5 2. Qh5 Nf6 3. Qxe5+ Qe7 4. Qxc7 Qxe4+ 5. Be2 Na6 6. Qg3 Qxc2 7. Qe3+
Be7 8. Na3 Qc6 9. Nf3 O-O 10. Qxe7 Re8 11. Ne5 Rxe7 12. Nxc6 dxc6 13. Nc4 Bg4
14. f3 b5 15. Ne3 Bd7 16. g4 Nd5 17. Nf5 Bxf5 18. gxf5 Nf4 19. f6 Rxe2+ 20. Kf1
Rae8 21. Rg1 Re1+ 22. Kf2 Nh3+ 23. Kg3 Nxg1 24. fxg7 Ne2+ 25. Kh4 Nxc1 0-1

[Event "13F  X 4N  X 2E"]
[Site "http://www.queenalice.com/game.php?id=885334"]
[Date "2011.1.12"]
[Round "-"]
[White "Tagliapietra"]
[Black "nickpet"]
[Result "1-0"]
[WhiteElo "1745"]
[BlackElo "1691"]

1. e4 e5 2. Bc4 Qh4 3. Nf3 Qxe4+ 4. Qe2 Qxc2 5. Qxe5+ Ne7 6. Na3 Qf5 7. Qxf5
Nxf5 8. Nb5 Na6 9. O-O c6 10. Nbd4 Nxd4 11. Nxd4 d5 12. Bxa6 bxa6 13. Nxc6 Bd6
14. Re1+ Be6 15. d4 O-O 16. g3 Rfc8 17. Ne5 Bb4 18. Re2 Bd6 19. Bf4 f6 20. Nd3
Bxf4 21. Nxf4 Bg4 22. Re3 Rd8 23. Rc1 g5 24. Ne6 Bxe6 25. Rxe6 f5 26. Rc7 Rac8
27. Rxc8 Rxc8 28. Rxa6 f4 29. gxf4 gxf4 30. Kg2 h5 31. Rxa7 Rc2 32. Rb7 Rd2 33.
Rb4 Rd3 34. a4 h4 35. f3 h3+ 36. Kxh3 Rxf3+ 37. Kg4 Rf2 38. h4 f3 39. Kg3 Rf1
40. a5 Kf7 41. a6 f2 42. Ra4 Rg1+ 43. Kxf2 Rg8 44. a7 1-0